| 000 | 00953nam a2200241Ia 4500 | ||
|---|---|---|---|
| 001 | 19374 | ||
| 003 | GE_BSU | ||
| 008 | 181216s||||||||xx |||||||||||||| ||und|| | ||
| 020 | _a5-94559-009-6 | ||
| 040 | _cGE_BSU | ||
| 080 | _a007 | ||
| 100 | _aЧоговадзе, Гоча | ||
| 245 | _aИнформация, общество, человек | ||
| 245 | _cРед:И.Е.Новикова | ||
| 260 | _aМосква | ||
| 260 | _bООО Дата | ||
| 260 | _c2003 | ||
| 300 | _a320стр,22см | ||
| 653 | _aВ книге исследуется влияние современных информационных технологий на события и процессы, происходящие в обществе. Целью анализа | ||
| 653 | _aИнформация, общество, человек | ||
| 653 | _aსაინფორმაციო საზოგადოება, ადამიანი. | ||
| 942 | _cBK | ||
| 999 |
_c52355 _d52355 |
||